00489nam a22001457a 450000500170000002000180001708200190003510000260005424500620008026000380014230000100018094200120019099900190020295201220022120260526095314.0 a9781032949055 a923.254bYUG.A aYugendar nathi915148 aDr. B R Ambedkar:the leader and architect of modern india aDelhibSwastik publicationsc2023 a236p. 2ddccBK c759919d759919 00102ddc40708TBaCAMPUSbCAMPUScGENd2026-05-26l0o923.254 YUG.ApUCL35436r2026-05-26 09:54:16w2026-05-26yBK